|
|
|
|
| LEADER |
01299nam a22003017a 4500 |
| 001 |
35138 |
| 003 |
BD-DhAAL |
| 005 |
20221120125654.0 |
| 008 |
190808t2017 bg ||||| b||| 00| 0 ben d |
| 999 |
|
|
|c 41016
|d 41016
|
| 020 |
|
|
|a 9840605607
|
| 040 |
|
|
|a BD-DhAAL
|
| 041 |
|
|
|a ben
|
| 082 |
|
|
|a 297
|
| 245 |
|
|
|a দৈনন্দিন জীবনে ইসলাম /
|c ইসলামিক ফাউন্ডেশন
|
| 246 |
|
|
|a Dainandin zibane Islam
|
| 250 |
|
|
|a চতুর্দশ সংস্করণ
|
| 260 |
|
|
|a ঢাকা :
|b ইসলামিক ফাউন্ডেশন,
|c ২০১৭
|
| 300 |
|
|
|a ৭৪৮ পৃষ্ঠা ;
|c ২৭ সে. মি.
|
| 500 |
|
|
|a Writen by some research scholars and edited by board of editors
|
| 504 |
|
|
|a গ্রন্থপঞ্জি অন্তভূক্ত
|
| 526 |
|
|
|a BIGD
|
| 541 |
|
|
|a ইসলামিক ফাউন্ডেশন
|e 35138
|
| 650 |
|
|
|a Islam
|9 33471
|
| 710 |
|
|
|a ইসলামিক ফাউন্ডেশন
|9 33472
|
| 852 |
|
|
|a BRAC Institute of Governance and Development
|c General Stacks
|
| 942 |
|
|
|2 ddc
|c BK
|
| 952 |
|
|
|0 0
|1 0
|2 ddc
|4 0
|6 297_000000000000000_DAI
|7 0
|9 66013
|a IGS
|b IGS
|c GEN
|d 2019-08-08
|e Islamic Foundation
|g 296.00
|l 0
|o 297 DAI
|p 3010035138
|r 2019-08-08
|t 1
|v 456.00
|w 2019-08-08
|y BK
|